000 00486nam a2200181Ia 4500
005 20250423100457.0
008 250422s9999 xx 000 0 und d
020 _a9783527317226
050 _aQD 431 .J28/
100 _aJakubke, Hans-Dieter.
245 0 _aPeptides from A to Z : a concise encyclopedia
260 _aWeinheim
260 _b Wiley-VCH
260 _c2008
300 _a403 p
650 _aPeptides--Encyclopedias. Peptides--Encyclopedias--English.
942 _cBK
999 _c33428
_d33428